| 000 | 01198nam a2200229Ia 4500 | ||
|---|---|---|---|
| 003 | Ost | ||
| 005 | 20260507074957.0 | ||
| 008 | 260507s9999||||xx |||||||||||||| ||und|| | ||
| 020 | _a9957111604 | ||
| 040 | _cfsecg | ||
| 041 | _aara | ||
| 082 | _a658 | ||
| 100 |
_aبرنوطي، سعاد نائف _eمؤلف |
||
| 245 | 0 |
_aالاعمال (الخصائص والوظائف الادارية) / _c سعاد نائف برنوطي |
|
| 250 | _aطبعة 3 | ||
| 260 |
_aعمان: _bدار وائل للنشر ولتوزيع, _c2000 |
||
| 300 |
_a300 صفحة؛ _c24 سم |
||
| 504 | _aببليوغرافيا:ص.295-296؛ كشاف المصطلحات:ص.297-300 | ||
| 520 | _aالمنظمة والإدارة،قطاع الأعمال،الاقتصاد،الأشكال القانونية لملكية الأعمال،أنواع الأعمال وطرق إقامتها،وظائف منظمة الأعمال،إدارة العمليات والإنتاج،إدارة التسويق،إدارة الموارد المالية،إدارة الموارد البشرية،إدارة المعارف والمعلومات،وظيفة الإدارة | ||
| 653 | _aإدارة الأعمال | ||
| 942 | _cكتاب | ||
| 999 |
_c42036 _d42036 |
||